000 00945nam1a22002771i 4500
001 RU\NLR\INFOCOMM_253\5000007140
005 20240724151305.0
010 _92000 экз.
035 _a(NLR Aleph) 009168015
090 _a8495282
_c8495282
100 _a20100216d1992 |||y0rusy50 ba
101 1 _aeng
102 _aRU
105 _ay ||||000|y
200 1 _aBusiness-map
_eRussia
_eUrals
_eIndustry
_f[Comp.: O. V. Yuferev et al.]
_gTransl. by S. A. Iliynykh a. R. M. Sultanov
210 _aМосква
_cНИК
_d1992
215 _d21 см
300 _aВ вып. дан.: Бизнес-карта России: Урал
606 _aПредпринимательство
_yУрал
_2nlr_sh1
686 _aУ9(2)-13(2Р36)
_2rubbk
702 1 _9z04790
_aJuferev
_bO. V.
_gOleg Vasil'evič
_4340
790 1 _9z04702
_aYuferev
_bO. V.
_4340
801 1 _aRU
_bNLR
_c20100216
801 0 _aRU
_bNLR
_gPSBO
852 _aNLR
_jЭк21 Д-3/810
942 _cBOOK